000 00783nam a22002657a 4500
005 20170124110113.0
010 _a690651
020 _c00.00
035 _a690651
037 _bCen Lib/Ret
040 _aDPL
_bEN
082 _a915
_bSPA
100 _aSpate, O.H.K.
_929431
245 _aIndia, Pakistan and ceylon :
_cby O. H. K. Spate ; A. T. A. Learmonth [and] B. H. Farmer
_bthe regions. /
250 _a2nd ed
260 _aLondon
_bMethuen & Co.
_c1967
270 _a11,New Fetter Lane
_bLondon
300 _axxvii, 861p. :
_c22cm(Hb)
_bill.
500 _aIncludes index
650 _aPhysical geography
_929432
650 _aTravel
_925007
700 _a Learmonth, A.T.A.
_929433
700 _aFarmer, B.H.
_929434
942 _2ddc
_cEN
_h915
_mSPA
999 _c130528
_d130528